000 00523nam a22001817a 4500
999 _c172351
_d172351
005 20200204154807.0
010 _aENG-127622
020 _a9789388927413
_c190.00
035 _aEN-111154
037 _bDBAD/PUB
082 _a880
100 _aSarvaiya,Priyaba
245 _aRegionalism in Zaverchand Meghani's Work /
_bby Priyaba Sarvaiya
260 _aAhmedabad
_bVedant
_c2019
270 _bAhmedabad
_aRajkot, Ahmedabad Surat
_e360003
300 _a152p.
_b20cm(pbk)
942 _2ddc
_cEN
_h880
_mSAR